000 00879nam a2200253Ia 4500
003 GCL
005 20240530102458.0
008 140319s9999 xx 000 0 ara d
040 _aGCL /
_cGCL
082 0 4 _a362.74
_bم م
100 0 _aمحمد سلامة محمد غبارى
245 1 0 _aمدخل علاجى جديد لانحراف الاحداث العلاج الاسلامى ودور الخدمة الاجتماعية فيه /
_cمحمد سلامة محمد غبارى
260 _a[S.N] :
_bالمكتب الجامعى الحديث ،
_c1989
300 _a379 ص
650 0 4 _aالبيئة
650 0 4 _aالاسلام
650 0 4 _aالخدمة الاجتماعية
650 0 4 _aالاخلاق
650 0 4 _aالاجتماع
650 0 4 _aالعلاج النفسى
650 0 4 _aجناح الاحداث
650 0 4 _aالانحراف
942 _2ddc
_cBK
999 _c32545
_d32545